000
00236nam a22000977a 4500
008
170126b xxu||||| |||| 00| 0 eng d
041
_a
eng
080
_2
18TH
_a
61
245
_a
MANUAL OF MEDICAL THERAPEUTICS
_c
PACKMAN, R.C
942
_2
udc
_c
BK
999
_c
3740
_d
3740